000 00576nam a2200205 a 4500
001 5033
003 CO-ViMGA
008 141112s2004 ck r 000 u spa d
040 _aCO-ViMGA
_bspa
_cCO-ViMGA
082 0 4 _a510 L351
100 1 _aLola, Pilar
_93253
245 1 0 _aAprendizaje de la matemática en el ciclo medio /
_cLola Pilar , Caballero Teresa
250 _a20 a
260 _aMadrid :
_bNercea,
_c1984
300 _a131 p : il
490 _aProyecto ciclo medio
650 1 4 _aCaballero, Teresa
_93254
650 1 4 _aMATEMATICAS - ENSEÑANZA
942 _2ddc
_cBK
999 _c17034
_d17034